000 00958nam a22002417a 4500
008 100706s1963 xxu||||| |||| 00| 0 ara d
082 _222
_a509.22
_bط و ق
100 1 _916021
_aطوقان ، قدرى حافظ
245 _aتراث العرب العلمي :
_bفي الرياضيات والفلك /
_cقدري حافظ طوقان
250 _aط3.
_bمزيدة ومنقحة
260 _aالقاهرة :
_bدار القلم ،
_c1963.
300 _a518 ص :
_c24 سم.
504 _aيحتوي على إرجاعات ببليوجرافيه
541 _aألف باء ؛
_cشراء ؛
650 _98698
_aالعلوم عند العرب
650 _916024
_aالعلماء العرب
650 _98792
_aالحضارة العربية
650 _98638
_aالعلوم - تاريخ
942 _2ddc
_cBB
_hRDA-MOD
999 _c14411
_d14411
336 _2rdacontent
_aنص
_btxt
337 _aبدون وسيط
_2rdamedia
_bn
338 _aمجلد
_bnc
_2rdacarrier